| 000 | 01084nam a2200409 a 4500 | ||
|---|---|---|---|
| 003 | AR-BaBNM | ||
| 005 | 20251128203017.0 | ||
| 008 | 082120s2002 ||||||||||||||000 | spa|| | ||
| 040 | _cAR-BaBNM | ||
| 100 | 1 | _aThorndike, Lynn | |
| 245 | 0 | 0 | _aBreve historia de la civilización |
| 250 | _a1ª ed. | ||
| 260 |
_aBuenos Aires _bClaridad _c1953 |
||
| 300 |
_a574 p. _bláms., mapas, il. |
||
| 490 | 0 |
_aBiblioteca de historia _vv. 3 |
|
| 500 | _aContiene una cronología p. 565-574 | ||
| 500 | _aApéndice bibliográfico p. 557- 561 | ||
| 650 | 4 | _aCIVILIZACION | |
| 650 | 4 | _aHISTORIA MEDIEVAL | |
| 650 | 4 | _aECONOMIA | |
| 650 | 4 | _aCIENCIAS POLITICAS | |
| 650 | 4 | _aCULTURA | |
| 650 | 4 | _aCAMBIO SOCIAL | |
| 650 | 4 | _aREFORMA | |
| 650 | 4 | _aEXPANSION | |
| 650 | 4 | _aRELIGION | |
| 650 | 4 | _aHISTORIA BIZANTINA | |
| 650 | 4 | _aMONARQUIA | |
| 650 | 4 | _aHISTORIA ASIATICA | |
| 650 | 4 | _aHISTORIA AFRICANA | |
| 650 | 4 | _aIMPERIALISMO | |
| 651 | 4 | _aAfrica | |
| 700 | 1 |
_aLara, Carlos _etraductor |
|
| 800 | 1 |
_aZamora, Antonio _edirector |
|
| 942 | _cBK | ||
| 998 | _cmariana | ||
| 999 |
_c1505 _d1505 |
||